|
|
|
|
| LEADER |
01386nam a2200277 a 4500 |
| 001 |
14519276 |
| 008 |
130801r20122006enka b 001 0 eng d |
| 010 |
|
|
|a 2006298188
|
| 020 |
|
|
|a 019856676X (hbk.)
|
| 020 |
|
|
|a 0198566778 (pbk.)
|
| 020 |
|
|
|a 9780198566762 (hbk.)
|
| 020 |
|
|
|a 9780198566779 (pbk.)
|
| 040 |
|
|
|a UKM
|c UKM
|d BAKER
|d BWKUK
|d IAK
|d OCLCQ
|d DLC
|d BD-DhAAL.
|
| 082 |
0 |
4 |
|a 530.13
|2 22
|
| 245 |
1 |
0 |
|a Statistical mechanics :
|b entropy, order parameters, and complexity /
|c James P. Sethna.
|
| 260 |
|
|
|a Oxford ;
|a New York :
|b Oxford University Press,
|c c2006 [Reprinted 2012]
|
| 300 |
|
|
|a xix, 349 p. :
|b ill. ;
|c 26 cm.
|
| 490 |
0 |
|
|a Oxford master series in statistical, computational, and theoretical physics
|
| 490 |
0 |
|
|a Oxford master series in physics ;
|v 14
|
| 504 |
|
|
|a Includes bibliographical references (p. [313]-321) and index.
|
| 541 |
|
|
|e 00027394
|
| 650 |
|
0 |
|a Statistical mechanics.
|
| 852 |
1 |
|
|a Ayesha Abed Library
|j General shelf.
|
| 999 |
|
|
|c 13803
|d 13803
|
| 952 |
|
|
|0 0
|1 0
|4 0
|6 530_130000000000000_SET
|7 0
|9 23089
|a BRACUL
|b BRACUL
|c GEN
|d 2013-08-04
|e Karim International
|g 3700.00
|l 1
|m 1
|o 530.13 SET
|p 3010027394
|r 2024-12-18
|s 2013-10-21
|t 1
|w 0000-00-00
|y BK
|x Available
|
| 952 |
|
|
|0 0
|1 0
|4 0
|6 530_130000000000000_SET
|7 0
|9 23090
|a BRACUL
|b BRACUL
|c GEN
|d 2013-08-04
|e Karim International
|g 3700.00
|l 3
|m 20
|o 530.13 SET
|p 3010027395
|r 2025-07-23
|s 2025-02-24
|t 2
|w 0000-00-00
|y BK
|x Available
|